Berja en el primer tercio del siglo XX (Record no. 188703)

MARC details
000 -LEADER
campo de control de longitud fija 00905nam a2200265 i 4500
001 - NÚMERO DE CONTROL
campo de control 188703
003 - IDENTIFICADOR DE NÚMERO DE CONTROL
campo de control SpMaBN
005 - FECHA Y HORA DE LA ÚLTIMA TRANSACCIÓN
campo de control 20240317063007.0
008 - DATOS DE LONGITUD FIJA--INFORMACIÓN GENERAL
campo de control de longitud fija 190204s1999 sp ac |||| |dspa d
020 ## - NÚMERO INTERNACIONAL ESTÁNDAR DEL LIBRO
Número Internacional Estándar del Libro 84-89606-08-0
080 ## - NÚMERO DE LA CLASIFICACIÓN DECIMAL UNIVERSAL
Número de la Clasificación Decimal Universal 94(460.358 Berja)
080 ## - NÚMERO DE LA CLASIFICACIÓN DECIMAL UNIVERSAL
Número de la Clasificación Decimal Universal 913(460.358 Berja)(084.12)
100 1# - ENTRADA PRINCIPAL--NOMBRE DE PERSONA
Nombre de persona Ruiz Fernández, José,
Fechas asociadas al nombre 1946-
9 (RLIN) 166118
245 10 - MENCIÓN DEL TÍTULO
Título Berja en el primer tercio del siglo XX
Resto del título : (1902-1931) /
Mención de responsabilidad, etc. José Ruiz Fernández.
260 ## - PUBLICACIÓN, DISTRIBUCIÓN, ETC.
Lugar de publicación, distribución, etc. Almería :
Nombre del editor, distribuidor, etc. Arráez :
-- Librería Amat Montes,
Fecha de publicación, distribución, etc. 1999.
300 ## - DESCRIPCIÓN FÍSICA
Extensión 173 p. :
Otras características físicas il. ;
Dimensiones 24 cm.
490 1# - MENCIÓN DE SERIE
Mención de serie Historia y fotografía ;
Designación de volumen o secuencia 1
500 ## - NOTA GENERAL
Nota general Índice.
504 ## - NOTA DE BIBLIOGRAFÍA, ETC.
Nota de bibliografía, etc. Bibliografía: p. 163-165.
651 #7 - PUNTO DE ACCESO ADICIONAL DE MATERIA--NOMBRE GEOGRÁFICO
Nombre geográfico Berja-
Subdivisión general Historia.
9 (RLIN) 152919
830 0# - PUNTO DE ACCESO ADICIONAL DE SERIE-TÍTULO UNIFORME
Título uniforme Historia y fotografía ;
Designación de volumen o secuencia 1
9 (RLIN) 225718
852 ## - LOCALIZACIÓN
Ubicación ES-MaACL
Número de control de estantería A-14317
itemnumber 195836
Sublocalización o colección R.151569
Ubicación en estantería Depósito 1
Signatura antigua Olim: N-7317
942 ## - ELEMENTOS DE ENTRADA SECUNDARIOS (KOHA)
Fuente del sistema de clasificación o colocación Clasificación decimal universal
Tipo de ítem Koha Libro impreso
Holdings
Estatus retirado Estado de pérdida Fuente del sistema de clasificación o colocación Estado de daño No para préstamo Biblioteca de origen Biblioteca actual Ubicación en estantería Fecha de adquisición Fuente de adquisición Total de préstamos Signatura topográfica completa Código de barras Visto por última vez Precio de reemplazo Tipo de ítem Koha
    Clasificación decimal universal     Biblioteca del Ateneo de Madrid Biblioteca del Ateneo de Madrid Depósito 1 04/02/2019 Donación   A-14317 1199794 23/02/2023 23/02/2023 Libro impreso